États américains n'appliquant pas la peine de mort - Statistiques

Statistiques générales
  • Ce quiz a été pris 119 fois
  • Le résultat moyen est 14 sur 23
Statistiques - réponses
États abolitionnistes % Correct
2007 New York
94%
2018 Washington
79%
1957 Hawaï
73%
1887 Maine
69%
1972 Vermont
67%
2021 Virginie
65%
1957 Alaska
64%
2011 Illinois
64%
1973 Dakota du Nord
63%
2007 New Jersey
63%
1984 Rhode Island
63%
1847 Michigan
62%
2012 Connecticut
59%
1984 Massachusetts
59%
2019 New Hampshire
58%
1965 Virginie-Occidentale
55%
2016 Delaware
54%
2020 Colorado
53%
1965 Iowa
48%
2009 Nouveau Mexique
48%
2013 Maryland
47%
1853 Wisconsin
47%
1911 Minnesota
44%
Aucun quiz correspondant
Distribution des résultats
% des personnes avec chaque résultat
Percentile par nombre de réponses
Votre historique - résultats
Vous n’avez pas pris ce quiz